[Event "Cheliabinsk"]
[Site "Cheliabinsk"]
[Date "2004.09.??"]
[Round "?"]
[White "Krasilnikov, Evgeny"]
[Black "Ponkratov, Pavel"]
[Result "1/2-1/2"]
[WhiteElo "2130"]
[BlackElo "2413"]
[PlyCount "31"]
[EventDate "2004.09.??"]
[EventType "tourn"]
[EventRounds "11"]
[EventCountry "RUS"]
[EventCategory "7"]
[SourceTitle "EXT 2006"]
[Source "ChessBase"]
[SourceDate "2005.11.24"]
[SourceVersion "1"]
[SourceVersionDate "2005.11.24"]
[SourceQuality "1"]

1. e4 e6 2. d4 d5 3. exd5 exd5 4. Nf3 Bd6 5. c4 Nf6 6. Nc3 0-0 7. cxd5 Bb4 8. Bg5 h6 9. Bxf6 Qxf6 10. Be2 Nd7 11. 0-0 Qf4 12. Qc1 Qf5 13. a3 Bd6 14. Qb1 Qf4 15. Qc1 Qf5 16. Qb1 1/2-1/2

[Event "Cheliabinsk"]
[Site "Cheliabinsk"]
[Date "2004.09.??"]
[Round "?"]
[White "Mkrtchian, Lilit"]
[Black "Krasilnikov, Evgeny"]
[Result "1/2-1/2"]
[WhiteElo "2374"]
[BlackElo "2130"]
[PlyCount "58"]
[EventDate "2004.09.??"]
[EventType "tourn"]
[EventRounds "11"]
[EventCountry "RUS"]
[EventCategory "7"]
[SourceTitle "EXT 2006"]
[Source "ChessBase"]
[SourceDate "2005.11.24"]
[SourceVersion "1"]
[SourceVersionDate "2005.11.24"]
[SourceQuality "1"]

1. b3 e5 2. Bb2 Nc6 3. e3 Nf6 4. Bb5 Bd6 5. Nf3 e4 6. Nd4 Nxd4 7. Bxd4 Qe7 8. f4 exf3 9. Qxf3 Be5 10. Bxe5 Qxe5 11. Nc3 c6 12. Bd3 d5 13. 0-0 0-0 14. Qf4 Qxf4 15. Rxf4 Be6 16. b4 Rfe8 17. Rb1 Nd7 18. a4 g6 19. a5 f5 20. Na4 b5 21. Nc3 a6 22. Ne2 Rac8 23. Nd4 c5 24. bxc5 Nxc5 25. Rff1 Rc7 26. Be2 Ne4 27. Rfd1 Bd7 28. c3 Kg7 29. Rb2 Bc8 1/2-1/2

[Event "Cheliabinsk"]
[Site "Cheliabinsk"]
[Date "2004.09.??"]
[Round "?"]
[White "Sveshnikov, Evgeny"]
[Black "Krasilnikov, Evgeny"]
[Result "1-0"]
[WhiteElo "2512"]
[BlackElo "2130"]
[PlyCount "141"]
[EventDate "2004.09.??"]
[EventType "tourn"]
[EventRounds "11"]
[EventCountry "RUS"]
[EventCategory "7"]
[SourceTitle "EXT 2006"]
[Source "ChessBase"]
[SourceDate "2005.11.24"]
[SourceVersion "1"]
[SourceVersionDate "2005.11.24"]
[SourceQuality "1"]

1. e4 d5 2. exd5 Nf6 3. c4 c6 4. d4 cxd5 5. Nc3 e6 6. Nf3 Be7 7. cxd5 Nxd5 8. Bd3 0-0 9. h4 Nc6 10. a3 f5 11. Bg5 h6 12. Bxe7 Qxe7 13. Qd2 Qd6 14. 0-0 Bd7 15. Rfe1 Rad8 16. Bc4 Rfe8 17. Rad1 Bc8 18. Bb5 Bd7 19. Bc4 Bc8 20. Bb3 Nf6 21. Qc2 Kh7 22. Qb1 Nd5 23. Qc1 Nxc3 24. Qxc3 Qf4 25. g3 Qd6 26. Qe3 Re7 27. Ba4 Bd7 28. Ne5 Be8 29. Bxc6 Bxc6 30. Rd2 Bd5 31. g4 fxg4 32. Nxg4 Rf8 33. Ne5 Rf5 34. Qg3 Bc6 35. Kh2 Rf6 36. Ng4 Qxg3+ 37. fxg3 Rf5 38. Ne5 Bd5 39. g4 Rf8 40. Rc1 Rd8 41. Kg3 a6 42. h5 Ree8 43. Rc7 Rf8 44. Rf2 Be4 45. Nf7 Rde8 46. g5 Bd5 47. g6+ Kg8 48. Rfc2 Bc6 49. Rc3 a5 50. Kf4 Rd8 51. Ke3 Rb8 52. Rc5 a4 53. Re5 Bd5 54. Nd6 Rbd8 55. Ne4 Rf1 56. Nc3 Bb3 57. Rb5 Rdf8 58. Rbxb7 R8f3+ 59. Ke4 Bd5+ 60. Nxd5 exd5+ 61. Kxd5 Rf5+ 62. Kc4 Rc1+ 63. Kb4 Rxc7 64. Rxc7 Kf8 65. Rc5 Rf2 66. Re5 Rxb2+ 67. Kxa4 Rd2 68. d5 Rb2 69. d6 Rb7 70. Rb5 Ra7+ 71. Ra5 1-0

[Event "Cheliabinsk"]
[Site "Cheliabinsk"]
[Date "2004.09.??"]
[Round "?"]
[White "Yegiazarian, Arsen"]
[Black "Krasilnikov, Evgeny"]
[Result "1-0"]
[WhiteElo "2519"]
[BlackElo "2130"]
[PlyCount "145"]
[EventDate "2004.09.??"]
[EventType "tourn"]
[EventRounds "11"]
[EventCountry "RUS"]
[EventCategory "7"]
[SourceTitle "EXT 2006"]
[Source "ChessBase"]
[SourceDate "2005.11.24"]
[SourceVersion "1"]
[SourceVersionDate "2005.11.24"]
[SourceQuality "1"]

1. d4 g6 2. e4 c6 3. Nc3 d5 4. h3 Bg7 5. Nf3 Nh6 6. Bd3 f6 7. 0-0 0-0 8. Ne2 Nf7 9. c4 e6 10. Nc3 b6 11. Re1 Bb7 12. exd5 exd5 13. Bf4 Na6 14. Qb3 dxc4 15. Bxc4 b5 16. Bxf7+ Rxf7 17. Ne4 Bf8 18. Rad1 Qd5 19. Qxd5 cxd5 20. Nd6 Bxd6 21. Bxd6 Rd8 22. Bc5 Bc8 23. Rc1 Bb7 24. a3 Ra8 25. Nd2 Kg7 26. Nb3 Nb8 27. Na5 Nc6 28. Nxb7 Rxb7 29. Re6 Rc8 30. Rc3 Rd7 31. Rf3 f5 32. g4 fxg4 33. hxg4 Rf7 34. Rxf7+ Kxf7 35. Rd6 Rc7 36. Rxd5 Na5 37. Rd8 Nb3 38. Bb4 a5 39. Bc3 Rc4 40. d5 Rxg4+ 41. Kf1 b4 42. axb4 axb4 43. Be1 Rd4 44. Rd7+ Ke8 45. Rxh7 Rxd5 46. Bxb4 Nd4 47. Rg7 g5 48. Bc3 Ne6 49. Ra7 Nf4 50. Ke1 Rd3 51. Ra5 Ng2+ 52. Kf1 Nf4 53. Re5+ Kf7 54. Re3 Rd1+ 55. Re1 Rd3 56. Kg1 Nh3+ 57. Kh2 Nf4 58. Re3 Rd1 59. Re4 Kg6 60. Rd4 Rf1 61. Rd2 Kf5 62. b4 Rc1 63. Bd4 Rb1 64. Rb2 Rxb2 65. Bxb2 Nd5 66. b5 Ke4 67. Bc1 Kf3 68. Be3 g4 69. Bc5 Nc7 70. b6 Na6 71. b7 Nb8 72. Bd6 Nc6 73. Kg1 1-0

[Event "RUS-Cup"]
[Site "Bor"]
[Date "2000.??.??"]
[Round "7"]
[White "Rozkov, Nikolai"]
[Black "Krasilnikov, Evgeny"]
[Result "0-1"]
[WhiteElo "2316"]
[BlackElo "2130"]
[PlyCount "52"]
[EventDate "2000.06.??"]
[EventType "swiss"]
[EventRounds "9"]
[EventCountry "RUS"]
[SourceTitle "EXT 2001"]
[Source "ChessBase"]
[SourceDate "2000.11.22"]
[SourceVersion "1"]
[SourceVersionDate "2000.11.22"]
[SourceQuality "1"]

1. e4 g6 2. d4 c6 3. Nc3 d5 4. e5 Bg7 5. Be2 Nh6 6. h4 f6 7. exf6 exf6 8. Bf4 Nf7 9. Qd2 0-0 10. 0-0-0 b5 11. Bd3 Be6 12. Nf3 Nd7 13. h5 g5 14. h6 Bh8 15. Rde1 Re8 16. Bxh7+ Kxh7 17. Qd3+ Kg8 18. Qg6+ Kf8 19. h7 gxf4 20. Nh4 Nfe5 21. dxe5 fxe5 22. Rxe5 Nxe5 23. Qh6+ Ke7 24. Re1 Kd7 25. Qxf4 Qf6 26. Qd4 Nc4 0-1

[Event "Novgorod op"]
[Site "Novgorod"]
[Date "1999.03.23"]
[Round "5"]
[White "Chuprov, Dmitry"]
[Black "Krasilnikov, Evgeny"]
[Result "1-0"]
[WhiteElo "2400"]
[BlackElo "2130"]
[PlyCount "95"]
[EventDate "1999.03.19"]
[EventType "swiss"]
[EventRounds "10"]
[EventCountry "RUS"]
[SourceTitle "CBM 069 Extra"]
[Source "ChessBase"]
[SourceDate "1999.05.10"]
[SourceVersion "1"]
[SourceVersionDate "1999.05.10"]
[SourceQuality "1"]

1. e4 c5 2. Nf3 d6 3. d4 cxd4 4. Nxd4 Nf6 5. f3 g6 6. c4 Bg7 7. Nc3 0-0 8. Be3 Nc6 9. Qd2 Nxd4 10. Bxd4 Be6 11. Be2 Qa5 12. a3 Rfc8 13. b4 Qd8 14. Nd5 Bxd5 15. exd5 Nd7 16. Bxg7 Kxg7 17. h4 h5 18. g4 Nf6 19. g5 Nd7 20. Qd4+ Kg8 21. Kf2 a5 22. Rhc1 Qb6 23. Qxb6 Nxb6 24. Rab1 axb4 25. axb4 Ra2 26. Ke1 Ra3 27. Kd2 Ra2+ 28. Ke3 Rca8 29. Rb3 Rc8 30. Rbb1 Rca8 31. Rb3 R8a3 32. Rcc3 Rxb3 33. Rxb3 Rc2 34. Bd3 Ra2 35. Kd4 Na4 36. c5 Rh2 37. Ra3 Rxh4+ 38. Be4 dxc5+ 39. bxc5 Nb2 40. Rb3 Na4 41. Rxb7 Nxc5 42. Kxc5 Kf8 43. Rb8+ Kg7 44. Re8 Rh1 45. Rxe7 Rc1+ 46. Kd4 Rd1+ 47. Bd3 h4 48. d6 1-0

[Event "Novgorod op"]
[Site "Novgorod"]
[Date "1999.03.21"]
[Round "3"]
[White "Krasilnikov, Evgeny"]
[Black "Popov, Valerij"]
[Result "1-0"]
[WhiteElo "2130"]
[BlackElo "2582"]
[PlyCount "95"]
[EventDate "1999.03.19"]
[EventType "swiss"]
[EventRounds "10"]
[EventCountry "RUS"]
[SourceTitle "CBM 069 Extra"]
[Source "ChessBase"]
[SourceDate "1999.05.10"]
[SourceVersion "1"]
[SourceVersionDate "1999.05.10"]
[SourceQuality "1"]

1. e4 d5 2. exd5 Qxd5 3. Nc3 Qa5 4. d4 Nf6 5. Nf3 Nc6 6. Bb5 Ne4 7. Qd3 Nxc3 8. bxc3 a6 9. Bxc6+ bxc6 10. Ne5 f6 11. Nxc6 Qd5 12. Qf3 Qxf3 13. gxf3 Bb7 14. d5 Bxc6 15. dxc6 0-0-0 16. Ba3 e5 17. Bxf8 Rhxf8 18. Rg1 g6 19. Rg4 Rd6 20. Rc4 Re8 21. Rd1 Ree6 22. Rxd6 Rxd6 23. Ke2 Kd8 24. Ke3 Ke7 25. f4 exf4+ 26. Rxf4 Rxc6 27. Kd3 Rd6+ 28. Ke3 Rd5 29. Rb4 Ra5 30. a4 Ke6 31. Rc4 Re5+ 32. Kd3 Rd5+ 33. Ke3 c5 34. Kf3 h5 35. Ke3 Re5+ 36. Kd3 Rd5+ 37. Ke3 a5 38. Re4+ Re5 39. f4 Rxe4+ 40. Kxe4 g5 41. f5+ Kd6 42. c4 h4 43. h3 g4 44. hxg4 h3 45. Kf3 Ke5 46. Kg3 h2 47. Kxh2 Kf4 48. Kh3 1-0